[Event "London Golders Green op U1900 5th"]
[Site "London"]
[Date "2015.01.17"]
[Round "1"]
[White "Eranki, SA Maruthi"]
[Black "Murugesh, Kishore"]
[Result "1-0"]
[WhiteElo "1583"]
[BlackElo "1585"]
[PlyCount "63"]
[EventDate "2015.01.17"]
[EventType "swiss"]
[EventRounds "5"]
[EventCountry "ENG"]
[SourceTitle "EXT 2018"]
[Source "ChessBase"]
[SourceDate "2017.10.13"]
[SourceVersion "1"]
[SourceVersionDate "2017.10.13"]
[SourceQuality "1"]

1. e4 e5 2. Nf3 Nc6 3. Bc4 Bc5 4. c3 Nf6 5. d3 d6 6. 0-0 0-0 7. h3 h6 8. Re1 Re8 9. Nbd2 a6 10. Nf1 b5 11. Bb3 Bb7 12. Ng3 Qd7 13. Be3 Bxe3 14. Rxe3 Rad8 15. Qe2 Ne7 16. Nh4 c5 17. Ngf5 Nxf5 18. Nxf5 d5 19. Rg3 dxe4 20. Nxg7 Kh8 21. Qe3 Kh7 22. Nxe8 Rxe8 23. Rd1 exd3 24. Rxd3 Qe7 25. Bc2 e4 26. Rd1 Nh5 27. Rg4 Nf6 28. Rh4 Ng8 29. g3 Qe6 30. Qf4 Qg6 31. Rd6 Qg7 32. Rd7 1-0